[Event "1. OEsterreichische Internet Schach Meisterschaft - Vorrunde 2"]
[Site "Online - Playchess.com"]
[Date ""]
[Round "8"]
[Board "85"]
[White "Krassnitzer, Julia"]
[Black "Dorner, Guenther"]
[Result "1-0"]
[WhiteElo "1803"]
[BlackElo "1787"]
[PlyCount "65"]
[EventDate "2020.04.13"]
[EventRounds "9"]
[EventCountry "AUT"]

1. e4 c5 2. Nf3 d6 3. Bb5+ Bd7 4. Bxd7+ Nxd7 5. O-O e6 6. c3 Ngf6 7. Re1 Be7 8. d4
cxd4 9. cxd4 Qc7 10. Nc3 a6 11. Bf4 e5 12. dxe5 dxe5 13. Bg3 O-O 14. Rc1 Qa5 15.
Qe2 Rac8 16. a3 b5 17. Red1 Qb6 18. Nxe5 Nxe5 19. Bxe5 Rfd8 20. Nd5 Nxd5 21. exd5
Qb7 22. Rxc8 Rxc8 23. d6 Bf8 24. Qg4 Rd8 25. h4 g6 26. d7 f5 27. Qd4 Qc6 28. Bf6
Bc5 29. Qd5+ Qxd5 30. Rxd5 Bb6 31. Bxd8 Bxd8 32. Re5 Kf7 33. Re8  1-0

[Event "1. OEsterreichische Internet Schach Meisterschaft - Vorrunde 2"]
[Site "Online - Playchess.com"]
[Date ""]
[Round "8"]
[Board "86"]
[White "Lager, Johannes Jun."]
[Black "Pasteiner, Gernot"]
[Result "1-0"]
[WhiteElo "1722"]
[BlackElo "1632"]
[PlyCount "119"]
[EventDate "2020.04.13"]
[EventRounds "9"]
[EventCountry "AUT"]

1. c4 e5 2. Nc3 Bb4 3. g3 d6 4. Bg2 Nf6 5. d3 Nc6 6. Nf3 Be6 7. O-O O-O 8. Bg5 h6
9. Bxf6 Qxf6 10. Nd2 Rfe8 11. Nde4 Qe7 12. a3 Bxc3 13. bxc3 a5 14. Rb1 Rab8 15. Qa4
Bd7 16. Qc2 b6 17. Nd2 Qe6 18. e3 Qf6 19. d4 exd4 20. cxd4 Bf5 21. e4 Bg6 22. d5
Nd4 23. Qd3 Re7 24. f3 Rbe8 25. Nb3 Nxb3 26. Qxb3 Qd4+ 27. Kh1 Qd2 28. Qd1 Qc3 29.
Qb3 Qe5 30. Qb2 Qg5 31. f4 Qg4 32. Rbe1 Bh7 33. e5 dxe5 34. fxe5 Bd3 35. Rf4 Qg5
36. Qd4 Bh7 37. Be4 Bxe4+ 38. Rfxe4 f6 39. e6 Qf5 40. Rf4 Qc2 41. Ref1 Qb3 42. R4f3
Qa4 43. Qf4 Qc2 44. Qxc7 Rxc7 45. d6 Rc6 46. d7 Rd8 47. e7 Rxd7 48. e8=Q+ Kh7 49.
Qxd7 Qxc4 50. Qd2 Qc5 51. Qf2 Qb5 52. Qg2 Qc5 53. Qf2 Qb5 54. Rd1 Qc5 55. Rfd3 Qb5
56. Qd2 Qc5 57. Rd5 Qc4 58. Qd3+ Kh8 59. Qxc4 Rxc4 60. Rd7  1-0

[Event "1. OEsterreichische Internet Schach Meisterschaft - Vorrunde 2"]
[Site "Online - Playchess.com"]
[Date ""]
[Round "8"]
[Board "87"]
[White "Ussar, Reinhard"]
[Black "Kipman, Felix"]
[Result "1-0"]
[WhiteElo "1676"]
[BlackElo "1576"]
[PlyCount "69"]
[EventDate "2020.04.13"]
[EventRounds "9"]
[EventCountry "AUT"]

1. e4 c6 2. d4 d5 3. exd5 cxd5 4. c4 Nf6 5. Nc3 Nc6 6. Nf3 Bg4 7. Be2 e6 8. c5 b6
9. h3 Bh5 10. g4 Bg6 11. h4 h6 12. Qa4 Qc7 13. Nb5 Qb7 14. h5 Bh7 15. Ne5 a6 16.
Nxc6 axb5 17. Qxb5 Ra5 18. Nxa5+ Qd7 19. Qxd7+ Kxd7 20. cxb6 Bb4+ 21. Bd2 Bxd2+ 22.
Kxd2 Ne4+ 23. Ke3 Rb8 24. Bb5+ Kd6 25. Rac1 Rxb6 26. Rc6+ Rxc6 27. Nxc6 Ng5 28. Rc1
f5 29. a4 f4+ 30. Ke2 f3+ 31. Ke1 Nh3 32. a5 Nf4 33. Ne5 Be4 34. a6 Ng2+ 35. Kf1
 1-0

[Event "1. OEsterreichische Internet Schach Meisterschaft - Vorrunde 2"]
[Site "Online - Playchess.com"]
[Date ""]
[Round "8"]
[Board "88"]
[White "Schein, Alexander"]
[Black "Lammer, Michael"]
[Result "1-0"]
[WhiteElo "1631"]
[BlackElo "1499"]
[PlyCount "117"]
[EventDate "2020.04.13"]
[EventRounds "9"]
[EventCountry "AUT"]

1. e4 e5 2. Nf3 d6 3. d4 exd4 4. Nxd4 Nf6 5. Nc3 Be7 6. Bc4 O-O 7. O-O c5 8. Nf5
Bxf5 9. exf5 Nc6 10. Nd5 Nd4 11. Nxe7+ Qxe7 12. Re1 Qd7 13. Bf4 Nxf5 14. c3 d5 15.
Bb3 c4 16. Ba4 b5 17. Bc2 Nd6 18. Be5 Ng4 19. Qxd5 Nxe5 20. Rxe5 Rad8 21. Rd1 Rfe8
22. h3 Rxe5 23. Qxe5 a6 24. Qh5 g6 25. Qf3 Qe6 26. Qd5 Qd7 27. Qd2 Kg7 28. Qe3 f6
29. Qd4 h5 30. b3 cxb3 31. axb3 a5 32. c4 b4 33. c5 Qe6 34. cxd6 Rxd6 35. Qxd6 Qe2
36. Qd7+ Kh6 37. Qd2+ Qxd2 38. Rxd2 h4 39. Rd6 Kg5 40. Ra6 f5 41. Rxa5 Kh6 42. Rb5
Kg5 43. Rxb4 Kh6 44. Rxh4+ Kg5 45. Rb4 Kh5 46. Rb5 Kg5 47. f3 Kf4 48. Kf2 Kg5 49.
g3 Kh6 50. Rb6 Kg5 51. h4+ Kh5 52. b4 f4 53. gxf4 Kxh4 54. Rxg6 Kh5 55. b5 Kh4 56.
b6 Kh5 57. b7 Kh4 58. b8=Q Kh5 59. Qh8#  1-0

[Event "1. OEsterreichische Internet Schach Meisterschaft - Vorrunde 2"]
[Site "Online - Playchess.com"]
[Date ""]
[Round "8"]
[Board "89"]
[White "Hofer, Martin"]
[Black "Kwech, Gregor"]
[Result "1-0"]
[WhiteElo "1603"]
[BlackElo "1064"]
[PlyCount "109"]
[EventDate "2020.04.13"]
[EventRounds "9"]
[EventCountry "AUT"]

1. e4 c5 2. Nf3 d6 3. d4 cxd4 4. Nxd4 Nf6 5. Nc3 g6 6. Be3 Bg7 7. Be2 O-O 8. Qd2
Nc6 9. Nxc6 bxc6 10. Bh6 Bd7 11. Bxg7 Kxg7 12. O-O-O Rb8 13. e5 Qb6 14. b3 Ne8 15.
exd6 Nxd6 16. Na4 Qb7 17. Nc5 Qc8 18. Ba6 Qc7 19. Rhe1 Rfe8 20. Qd4+ f6 21. Ne6+
Bxe6 22. Rxe6 Qa5 23. Bd3 Qa3+ 24. Kd2 Qa5+ 25. Qc3 Qg5+ 26. Re3 Qxg2 27. Rde1 Qxf2+
28. R3e2 Qf4+ 29. Kd1 e5 30. Qd2 Qxd2+ 31. Kxd2 Nf7 32. Kc1 f5 33. Bc4 e4 34. Bxf7
Kxf7 35. Kb2 Kf6 36. c4 Ke5 37. Kc3 Kd6 38. Kd4 Rbd8 39. c5+ Kc7+ 40. Kc4 a5 41.
b4 axb4 42. Kxb4 Rb8+ 43. Kc4 Rbd8 44. a4 Ra8 45. Ra2 Ra7 46. Ra3 Rea8 47. Rd1 Rxa4+
48. Rxa4 Rxa4+ 49. Kb3 Ra8 50. Rd6 Rd8 51. Rf6 Rd7 52. Re6 g5 53. Re5 Rf7 54. Kc4
h5 55. Kd4  1-0

[Event "1. OEsterreichische Internet Schach Meisterschaft - Vorrunde 2"]
[Site "Online - Playchess.com"]
[Date ""]
[Round "8"]
[Board "91"]
[White "Schein, Leopold"]
[Black "Klinglmair, Guenter"]
[Result "1-0"]
[WhiteElo "1584"]
[BlackElo "1483"]
[PlyCount "65"]
[EventDate "2020.04.13"]
[EventRounds "9"]
[EventCountry "AUT"]

1. d4 c5 2. d5 d6 3. e4 Nd7 4. Nc3 Ngf6 5. Nf3 Qc7 6. Bf4 b6 7. Be2 Nh5 8. Bg5 g6
9. O-O Bg7 10. Qd3 O-O 11. Nd2 f6 12. Bxh5 gxh5 13. Bh4 Ne5 14. Qe2 Bg4 15. f3 Bd7
16. h3 Rf7 17. f4 Ng6 18. Qxh5 Nxh4 19. Qxh4 Raf8 20. f5 c4 21. Rf3 Qc5+ 22. Kh1
Qd4 23. Rd1 Qe5 24. Nxc4 Qxc3 25. Rxc3 b5 26. Ne3 b4 27. Rb3 a5 28. Ng4 Bb5 29. Rg3
Be2 30. Nh6+ Kh8 31. Nxf7+ Rxf7 32. Rc1 Bh6 33. Qxh6  1-0

[Event "1. OEsterreichische Internet Schach Meisterschaft - Vorrunde 2"]
[Site "Online - Playchess.com"]
[Date ""]
[Round "8"]
[Board "92"]
[White "Ploeckinger, Paul"]
[Black "Schroettner, Martin"]
[Result "0-1"]
[WhiteElo "1334"]
[BlackElo "1934"]
[PlyCount "100"]
[EventDate "2020.04.13"]
[EventRounds "9"]
[EventCountry "AUT"]

1. e4 c5 2. Nf3 d6 3. d4 cxd4 4. Nxd4 Nf6 5. Nc3 g6 6. Bc4 Bg7 7. Be3 Nc6 8. Qd2
h5 9. h3 Bd7 10. a3 a6 11. O-O-O Rc8 12. Kb1 b5 13. Nxc6 Bxc6 14. Bd3 Qa5 15. f3
Nd7 16. Nd5 Qxd2 17. Bxd2 e6 18. Nc3 O-O 19. g4 h4 20. f4 Nc5 21. Rhf1 Nxd3 22. cxd3
a5 23. Ne2 Ra8 24. f5 exf5 25. exf5 Bg2 26. Rf2 Bxh3 27. fxg6 fxg6 28. Rxf8+ Rxf8
29. Nf4 Bxg4 30. Rc1 b4 31. axb4 axb4 32. Nxg6 Rf2 33. Ne7+ Kh7 34. Rc2 b3 35. Rc1
Rxd2 36. Nc6 Rxb2+ 37. Ka1 Rc2+ 38. Kb1 Rxc1+ 39. Kxc1 h3 40. Ne7 h2 41. Nf5 h1=Q+
42. Kd2 Bxf5 43. d4 Bh6+ 44. Kc3 Qc1+ 45. Kxb3 Qc2+ 46. Kb4 Bd2+ 47. Kb5 Bd7+ 48.
Kb6 Qc6+ 49. Ka7 Bc8 50. d5 Qb7#  0-1

[Event "1. OEsterreichische Internet Schach Meisterschaft - Vorrunde 2"]
[Site "Online - Playchess.com"]
[Date ""]
[Round "8"]
[Board "93"]
[White "Soelkner, Julian"]
[Black "Moerwald, Miriam"]
[Result "0-1"]
[WhiteElo "1484"]
[BlackElo "1760"]
[PlyCount "48"]
[EventDate "2020.04.13"]
[EventRounds "9"]
[EventCountry "AUT"]

1. c4 e6 2. Nc3 Nf6 3. Nf3 d5 4. cxd5 exd5 5. d4 c6 6. Bg5 Nbd7 7. e3 Bd6 8. Bd3
O-O 9. O-O Qc7 10. Rc1 a6 11. Re1 Re8 12. Qd2 Ne4 13. Qc2 Ndf6 14. Bh4 Bg4 15. Nd2
Bxh2+ 16. Kh1 Bf5 17. Ndxe4 Nxe4 18. Nxe4 dxe4 19. Bc4 b5 20. Bb3 Qd6 21. g3 Bxg3
22. Bxg3 Qh6+ 23. Kg1 Bg4 24. f4 Bf3  0-1

[Event "1. OEsterreichische Internet Schach Meisterschaft - Vorrunde 2"]
[Site "Online - Playchess.com"]
[Date ""]
[Round "8"]
[Board "94"]
[White "Kellner, Nikolaus"]
[Black "Bauer, Wolfgang"]
[Result "0-1"]
[WhiteElo "1685"]
[BlackElo "1526"]
[PlyCount "60"]
[EventDate "2020.04.13"]
[EventRounds "9"]
[EventCountry "AUT"]

1. g4 d5 2. h3 g6 3. d4 e6 4. c4 dxc4 5. Qa4+ Bd7 6. Qxc4 Bc6 7. Nf3 Bg7 8. Bg2 Bd5
9. Qd3 Nd7 10. Nc3 Bc6 11. Bf4 Ne7 12. O-O-O Nd5 13. Bg3 O-O 14. e4 Nxc3 15. bxc3
Ba4 16. Rd2 a6 17. Ne5 Nxe5 18. dxe5 Bb5 19. c4 Qxd3 20. Rxd3 Bxc4 21. Rc3 b5 22.
f4 Rfd8 23. Rd1 Rxd1+ 24. Kxd1 Rd8+ 25. Kc2 Bf8 26. a3 a5 27. f5 Bc5 28. f6 Bd4 29.
Rf3 Be2 30. Rb3 c5  0-1

[Event "1. OEsterreichische Internet Schach Meisterschaft - Vorrunde 2"]
[Site "Online - Playchess.com"]
[Date ""]
[Round "8"]
[Board "95"]
[White "Kanzian, Heinz"]
[Black "Buchner, Martin"]
[Result "1-0"]
[WhiteElo "1642"]
[BlackElo "1777"]
[PlyCount "59"]
[EventDate "2020.04.13"]
[EventRounds "9"]
[EventCountry "AUT"]

1. e4 e6 2. Nc3 d5 3. d4 Nf6 4. e5 Nfd7 5. Nf3 c5 6. Ne2 Nc6 7. c3 Qb6 8. Rb1 cxd4
9. cxd4 Bb4+ 10. Nc3 Be7 11. Bd3 Nb4 12. O-O Nxd3 13. Qxd3 h6 14. h3 O-O 15. Nh2
Nb8 16. Be3 Bd7 17. Rfe1 Nc6 18. Qd1 Rac8 19. Qg4 Kh7 20. Ne2 Na5 21. Ng3 Nc4 22.
Nh5 Rg8 23. Bc1 Qa5 24. Rf1 Qxa2 25. Nf3 Qxb1 26. Nf6+ Bxf6 27. exf6 g6 28. Bxh6
Qf5 29. Ng5+ Kh8 30. Bg7+  1-0

[Event "1. OEsterreichische Internet Schach Meisterschaft - Vorrunde 2"]
[Site "Online - Playchess.com"]
[Date ""]
[Round "9"]
[Board "1"]
[White "Alvir, Aco"]
[Black "Platzgummer, Fabian"]
[Result "0-1"]
[WhiteElo "2355"]
[BlackElo "2336"]
[PlyCount "118"]
[EventDate "2020.04.13"]
[EventRounds "9"]
[EventCountry "AUT"]

1. e4 c5 2. Nf3 d6 3. d4 cxd4 4. Nxd4 Nf6 5. Nc3 a6 6. Bg5 e6 7. f4 Nbd7 8. Qf3 Qc7
9. O-O-O b5 10. Bd3 Bb7 11. Rhe1 Be7 12. Qg3 b4 13. Nd5 exd5 14. e5 dxe5 15. fxe5
O-O-O 16. Nf5 Bc5 17. exf6 Qxg3 18. Nxg3 gxf6 19. Bh4 Rhg8 20. Rf1 Bd4 21. Nf5 Bc5
22. g3 Rde8 23. Rde1 Re6 24. Kd2 Rge8 25. Ng7 Rxe1 26. Rxe1 Re5 27. Bf5 Bc6 28. Bxh7
Bd4 29. Rxe5 fxe5 30. c3 bxc3+ 31. bxc3 Bg1 32. h3 Nc5 33. Bf6 Nd7 34. Bf5 e4 35.
h4 e3+ 36. Ke2 Bb5+ 37. Bd3 Bxd3+ 38. Kxd3 Nxf6 39. h5 Kd7 40. h6 Nh7 41. Nf5 Ke6
42. Nxe3 Bxe3 43. Kxe3 Ke5 44. g4 Kf6 45. Kd4 Kg5 46. Kxd5 Kxh6 47. c4 Nf6+ 48. Kd6
Kg5 49. c5 Ne4+ 50. Kd5 Nxc5 51. Kxc5 Kxg4 52. Kb6 f5 53. Kxa6 f4 54. a4 f3 55. a5
f2 56. Kb7 f1=Q 57. a6 Qb5+ 58. Ka7 Qc6 59. Kb8 Qxa6  0-1

[Event "1. OEsterreichische Internet Schach Meisterschaft - Vorrunde 2"]
[Site "Online - Playchess.com"]
[Date ""]
[Round "9"]
[Board "2"]
[White "Ragger, Markus"]
[Black "Froewis, Georg"]
[Result "1-0"]
[WhiteElo "2679"]
[BlackElo "2457"]
[PlyCount "77"]
[EventDate "2020.04.13"]
[EventRounds "9"]
[EventCountry "AUT"]

1. e4 c5 2. Nf3 e6 3. g3 Nc6 4. d4 cxd4 5. Nxd4 Bb4+ 6. c3 Be7 7. Bg2 Nf6 8. O-O
O-O 9. c4 a6 10. Nc3 Qc7 11. Be3 Ne5 12. b3 d6 13. Rc1 b6 14. h3 Bb7 15. g4 Rac8
16. g5 Nfd7 17. f4 Ng6 18. f5 exf5 19. Nxf5 Rfe8 20. Qd4 Bf8 21. Nd5 Bxd5 22. exd5
Nge5 23. Qd2 Qd8 24. Nd4 g6 25. Bf4 Bg7 26. Nc6 Qc7 27. Rce1 Nb8 28. Bxe5 dxe5 29.
d6 Qd7 30. Bd5 Kh8 31. Rxf7 Qxd6 32. Nxb8 Rxb8 33. Ref1 e4 34. Qh2 Qd8 35. Qf4 e3
36. Rxg7 e2 37. Rxh7+ Kxh7 38. Qh4+ Kg7 39. Qh6#  1-0

[Event "1. OEsterreichische Internet Schach Meisterschaft - Vorrunde 2"]
[Site "Online - Playchess.com"]
[Date ""]
[Round "9"]
[Board "3"]
[White "Poetz, Florian"]
[Black "Mostbauer, Florian"]
[Result "1/2-1/2"]
[WhiteElo "2422"]
[BlackElo "2309"]
[PlyCount "70"]
[EventDate "2020.04.13"]
[EventRounds "9"]
[EventCountry "AUT"]

1. e4 c6 2. d4 d5 3. exd5 cxd5 4. c4 Nf6 5. Nc3 Nc6 6. Bg5 dxc4 7. d5 Ne5 8. Qd4
h6 9. Bf4 Ng6 10. Bxc4 Nxf4 11. Qxf4 g5 12. Qe3 Bg7 13. Nge2 a6 14. O-O O-O 15. Rad1
b5 16. Bb3 Bb7 17. a3 Rc8 18. Ng3 Re8 19. Nf5 Bf8 20. h4 Nh7 21. hxg5 hxg5 22. Qh3
Qb6 23. Qh5 Qf6 24. Bc2 Qh8 25. Nh6+ Bxh6 26. Qxh6 Rc4 27. g3 Bc8 28. Rfe1 b4 29.
axb4 Rxb4 30. Re5 Rxb2 31. Bxh7+ Qxh7 32. Rxg5+ Kh8 33. Qxh7+ Kxh7 34. Rd4 Rb6 35.
Re4 Bb7  1/2-1/2

[Event "1. OEsterreichische Internet Schach Meisterschaft - Vorrunde 2"]
[Site "Online - Playchess.com"]
[Date ""]
[Round "9"]
[Board "4"]
[White "Shengelia, David"]
[Black "Morgunov, Marc"]
[Result "1-0"]
[WhiteElo "2544"]
[BlackElo "2341"]
[PlyCount "73"]
[EventDate "2020.04.13"]
[EventRounds "9"]
[EventCountry "AUT"]

1. Nf3 Nf6 2. b3 g6 3. Bb2 Bg7 4. g3 O-O 5. Bg2 d6 6. d4 c6 7. O-O Nbd7 8. c4 Qc7
9. Nc3 Re8 10. e4 e5 11. d5 a5 12. Re1 Nc5 13. Bf1 Bd7 14. Nd2 Reb8 15. a3 cxd5 16.
cxd5 b5 17. b4 Na4 18. Nxa4 bxa4 19. Rc1 Qa7 20. Bc3 axb4 21. Bxb4 Ne8 22. Nc4 Bf8
23. Na5 Rc8 24. Qf3 Qb6 25. Nc6 Bxc6 26. dxc6 Rxc6 27. Bc4 Ra7 28. Bd5 Rxc1 29. Rxc1
Kg7 30. Rc6 Qb5 31. Rc8 Nf6 32. Bc4 Qb7 33. Rxf8 Qxe4 34. Qxe4 Nxe4 35. Rc8 Rd7 36.
Bb5 Rb7 37. Bc6  1-0

[Event "1. OEsterreichische Internet Schach Meisterschaft - Vorrunde 2"]
[Site "Online - Playchess.com"]
[Date ""]
[Round "9"]
[Board "5"]
[White "Schweda, Roland"]
[Black "Neubauer, Martin"]
[Result "1/2-1/2"]
[WhiteElo "2444"]
[BlackElo "2421"]
[PlyCount "93"]
[EventDate "2020.04.13"]
[EventRounds "9"]
[EventCountry "AUT"]

1. d4 d5 2. c4 e6 3. Nc3 Nf6 4. Bg5 Be7 5. Nf3 O-O 6. cxd5 Nxd5 7. Bxe7 Qxe7 8. e3
Nxc3 9. bxc3 b6 10. Bd3 Bb7 11. O-O c5 12. a4 Nc6 13. Qc2 h6 14. Rfc1 Rac8 15. Qb2
Rfd8 16. Be4 Na5 17. Bxb7 Qxb7 18. Nd2 Rc7 19. Nb3 Nxb3 20. Qxb3 cxd4 21. cxd4 Rdc8
22. Rxc7 Qxc7 23. h4 Qc3 24. Qb1 g6 25. g3 h5 26. Kg2 Kg7 27. Ra2 Rc7 28. a5 bxa5
29. Qb5 Qc6+ 30. Qxc6 Rxc6 31. Rxa5 a6 32. Kf3 Rb6 33. Ke4 f6 34. f3 Kf7 35. g4 hxg4
36. fxg4 Kg7 37. Kf4 Kf7 38. e4 Rd6 39. Ke3 Rb6 40. Kf4 Rd6 41. Ra4 Rxd4 42. Rxa6
f5 43. Ra7+ Ke8 44. gxf5 exf5 45. Kg5 Rxe4 46. Kxg6 Rxh4 47. Kxf5  1/2-1/2

[Event "1. OEsterreichische Internet Schach Meisterschaft - Vorrunde 2"]
[Site "Online - Playchess.com"]
[Date ""]
[Round "9"]
[Board "6"]
[White "Baumegger, Siegfried"]
[Black "Frank, Paul"]
[Result "1-0"]
[WhiteElo "2441"]
[BlackElo "2210"]
[PlyCount "39"]
[EventDate "2020.04.13"]
[EventRounds "9"]
[EventCountry "AUT"]

1. e4 c5 2. Nf3 Nc6 3. Bb5 g6 4. O-O Bg7 5. c3 Nf6 6. e5 Nd5 7. d4 cxd4 8. cxd4 O-O
9. Nc3 Nxc3 10. bxc3 d5 11. Bf4 Bf5 12. Qd2 Rc8 13. Bh6 Na5 14. Rac1 Nc4 15. Bxc4
Rxc4 16. Qf4 f6 17. Bxg7 Kxg7 18. Rfe1 Qc7 19. Nd2 Rxc3 20. exf6+  1-0

[Event "1. OEsterreichische Internet Schach Meisterschaft - Vorrunde 2"]
[Site "Online - Playchess.com"]
[Date ""]
[Round "9"]
[Board "7"]
[White "Wohlfahrt, Herbert"]
[Black "Leisch, Lukas"]
[Result "1-0"]
[WhiteElo "2285"]
[BlackElo "2362"]
[PlyCount "109"]
[EventDate "2020.04.13"]
[EventRounds "9"]
[EventCountry "AUT"]

1. Nf3 Nf6 2. c4 g6 3. b3 Bg7 4. Bb2 O-O 5. g3 d6 6. d4 Nbd7 7. Bg2 c6 8. O-O Qc7
9. Nc3 e5 10. e4 Re8 11. Qc2 a6 12. Rac1 exd4 13. Nxd4 Nc5 14. Rfe1 Bd7 15. Rcd1
Rad8 16. h3 h5 17. Nde2 b5 18. b4 Ne6 19. Qd3 bxc4 20. Qxc4 c5 21. bxc5 Nxc5 22.
Nf4 Qb7 23. Ba1 Bb5 24. Nxb5 axb5 25. Qb4 Nfxe4 26. Bxg7 Kxg7 27. a4 d5 28. axb5
Rb8 29. Nxd5 f5 30. Qd4+ Kh6 31. b6 Rbd8 32. Qe3+ g5 33. Nc3 Rxd1 34. Rxd1 Qxb6 35.
Nxe4 fxe4 36. h4 Re5 37. hxg5+ Kg6 38. Qf4 Qe6 39. Bh3 Qe7 40. Rb1 Nd3 41. Rb6+ Kg7
42. Qe3 Qxg5 43. Qd4 Qc1+ 44. Kh2 Qc7 45. Rd6 h4 46. Rd7+ Qxd7 47. Qxd7+ Kf6 48.
Qd6+ Kg5 49. Qd8+ Kg6 50. Qxh4 Nxf2 51. Qf4 Nd3 52. Qg4+ Rg5 53. Qe6+ Kh5 54. Qxe4
Ne5 55. Qh7#  1-0

[Event "1. OEsterreichische Internet Schach Meisterschaft - Vorrunde 2"]
[Site "Online - Playchess.com"]
[Date ""]
[Round "9"]
[Board "8"]
[White "Trippold, Denise"]
[Black "Freitag, Manfred"]
[Result "1/2-1/2"]
[WhiteElo "2150"]
[BlackElo "2356"]
[PlyCount "59"]
[EventDate "2020.04.13"]
[EventRounds "9"]
[EventCountry "AUT"]

1. d4 Nf6 2. c4 g6 3. Nc3 d5 4. Nf3 Bg7 5. h4 c6 6. cxd5 cxd5 7. Bf4 Nc6 8. e3 O-O
9. Bd3 a6 10. Rc1 Bg4 11. Be2 Rc8 12. O-O e6 13. Ne5 Bxe2 14. Qxe2 Nh5 15. Bg5 f6
16. Nxc6 Rxc6 17. Bf4 Nxf4 18. exf4 f5 19. g3 Bxd4 20. Na4 Qd7 21. Rfe1 Rfc8 22.
Nc3 Bxc3 23. bxc3 Kf7 24. Qe5 Qd6 25. Qd4 Rc4 26. Qa7 Qc7 27. Qe3 Qd6 28. Qa7 R4c7
29. Qd4 Rc4 30. Qa7  1/2-1/2

[Event "1. OEsterreichische Internet Schach Meisterschaft - Vorrunde 2"]
[Site "Online - Playchess.com"]
[Date ""]
[Round "9"]
[Board "9"]
[White "Peyrer, Konstantin"]
[Black "Juenger, Heinz"]
[Result "1-0"]
[WhiteElo "2265"]
[BlackElo "2165"]
[PlyCount "69"]
[EventDate "2020.04.13"]
[EventRounds "9"]
[EventCountry "AUT"]

1. Nf3 Nf6 2. g3 g6 3. Bg2 Bg7 4. c4 O-O 5. Nc3 d5 6. cxd5 Nxd5 7. h4 h6 8. Qb3 Nb6
9. h5 g5 10. Qc2 Nc6 11. d3 e5 12. Ne4 Nd4 13. Qd1 c6 14. Bd2 Nd5 15. Rc1 Bg4 16.
e3 Nxf3+ 17. Bxf3 Bxf3 18. Qxf3 f5 19. Nc5 Qe7 20. O-O g4 21. Qh1 b6 22. Nb3 Rac8
23. Rc4 Nf6 24. Rxc6 Rxc6 25. Qxc6 Nxh5 26. a3 Qf7 27. Nc1 Nf6 28. Bb4 Re8 29. Ne2
Nh7 30. Kg2 Ng5 31. Rh1 Rd8 32. d4 exd4 33. Nxd4 Bxd4 34. exd4 h5 35. Qh6  1-0

[Event "1. OEsterreichische Internet Schach Meisterschaft - Vorrunde 2"]
[Site "Online - Playchess.com"]
[Date ""]
[Round "9"]
[Board "10"]
[White "Hofmann, Thomas"]
[Black "Kruckenhauser, Arthur"]
[Result "0-1"]
[WhiteElo "2215"]
[BlackElo "2233"]
[PlyCount "76"]
[EventDate "2020.04.13"]
[EventRounds "9"]
[EventCountry "AUT"]

1. d4 Nf6 2. c4 c5 3. d5 b5 4. cxb5 a6 5. bxa6 g6 6. Nc3 Bg7 7. e4 O-O 8. e5 Ne8
9. h4 Bxe5 10. Bh6 Qa5 11. Qd2 Bg7 12. h5 Nf6 13. Bxg7 Kxg7 14. Nf3 d6 15. Bd3 Bxa6
16. hxg6 Bxd3 17. Qxd3 hxg6 18. O-O-O Nbd7 19. Qe3 Ng8 20. Ng5 Ndf6 21. Qxe7 Nxe7
22. Nce4 Neg8 23. Rd3 Qxa2 24. Rdh3 Qa1+ 25. Kc2 Qa4+ 26. Kd3 Qb3+ 27. Nc3 Nxd5 28.
Rh7+ Kf6 29. Nge4+ Ke7 30. Re1 Nxc3 31. bxc3 Kd7 32. Re2 Qd5+ 33. Ke3 Rae8 34. Kf3
Kc6 35. Re3 Rxe4 36. Rxe4 Nf6 37. Rhh4 Nxe4 38. Rxe4 f5  0-1

[Event "1. OEsterreichische Internet Schach Meisterschaft - Vorrunde 2"]
[Site "Online - Playchess.com"]
[Date ""]
[Round "9"]
[Board "11"]
[White "Gartmayer, Stefan"]
[Black "Enoeckl, Philipp"]
[Result "1/2-1/2"]
[WhiteElo "1914"]
[BlackElo "2276"]
[PlyCount "95"]
[EventDate "2020.04.13"]
[EventRounds "9"]
[EventCountry "AUT"]

1. d4 Nf6 2. Nf3 g6 3. c4 Bg7 4. Nc3 O-O 5. e4 d6 6. Be2 e5 7. Be3 Ng4 8. Bg5 f6
9. Bh4 g5 10. Bg3 Nh6 11. d5 a5 12. Nd2 Na6 13. f3 f5 14. Bf2 f4 15. Nb3 b6 16. c5
Nxc5 17. Nxc5 bxc5 18. Bb5 g4 19. a4 Bf6 20. Bc6 Rb8 21. Nb5 gxf3 22. gxf3 Bh4 23.
Rg1+ Kh8 24. Qe2 Ba6 25. Kd2 Qe7 26. Rg2 Rg8 27. Rag1 Bxf2 28. Qxf2 Rxg2 29. Rxg2
Rg8 30. Qg1 Bxb5 31. axb5 Qh4 32. Bd7 Rg6 33. Rxg6 hxg6 34. h3 Qg3 35. Qf1 Kg7 36.
Kc3 Nf7 37. Kb3 Ng5 38. Bg4 Qh2 39. Qe1 Qg2 40. Qxa5 Nxf3 41. Qxc7+ Kh6 42. Qxd6
Nd4+ 43. Ka2 Qc2 44. Qf8+ Kh7 45. Qf7+ Kh6 46. Qf8+ Kg5 47. Qe7+ Kh6 48. Qf8+  1/2-1/2

[Event "1. OEsterreichische Internet Schach Meisterschaft - Vorrunde 2"]
[Site "Online - Playchess.com"]
[Date ""]
[Round "9"]
[Board "12"]
[White "Schnider, Gert"]
[Black "Kuecher, Wolfgang"]
[Result "1/2-1/2"]
[WhiteElo "2423"]
[BlackElo "2117"]
[PlyCount "115"]
[EventDate "2020.04.13"]
[EventRounds "9"]
[EventCountry "AUT"]

1. e4 g6 2. d4 Bg7 3. c4 Nc6 4. Nf3 e5 5. d5 Nd4 6. Be3 c5 7. dxc6 dxc6 8. Nc3 Ne7
9. h3 O-O 10. Be2 h6 11. O-O Kh7 12. Qd2 Be6 13. Rad1 Nxf3+ 14. Bxf3 Bxc4 15. Qc2
Qc7 16. Rfe1 b6 17. b3 Be6 18. Nd5 Qb7 19. Nxe7 Qxe7 20. Qxc6 Rac8 21. Qa4 Rc7 22.
Rd2 Rfc8 23. Red1 Bf8 24. Be2 Qb4 25. Qa6 Be7 26. Bf3 Qa3 27. Qxa3 Bxa3 28. Be2 Bc1
29. Rd3 Bxe3 30. Rxe3 Rc1 31. Kh2 R8c2 32. Rxc1 Rxc1 33. Ba6 Rc2 34. Re2 Rxe2 35.
Bxe2 Kg7 36. Kg3 Kf8 37. Kf3 Ke7 38. Ke3 Kd6 39. Kd3 Kc5 40. Kc3 a5 41. a3 Kc6 42.
b4 axb4+ 43. axb4 Kd6 44. Bb5 f6 45. Be8 g5 46. Bb5 h5 47. Ba4 h4 48. Bb5 Bc8 49.
Kd3 Bb7 50. f3 Ba8 51. Kc3 Bb7 52. Kd3 Bc8 53. Ke3 Be6 54. Kd3 Bb3 55. Kc3 Be6 56.
Kd3 Bc8 57. Kc3 Be6 58. Kd3  1/2-1/2

[Event "1. OEsterreichische Internet Schach Meisterschaft - Vorrunde 2"]
[Site "Online - Playchess.com"]
[Date ""]
[Round "9"]
[Board "13"]
[White "Perhinig, Robert"]
[Black "Schein, Karl-Heinz"]
[Result "1-0"]
[WhiteElo "2252"]
[BlackElo "2187"]
[PlyCount "77"]
[EventDate "2020.04.13"]
[EventRounds "9"]
[EventCountry "AUT"]

1. d4 Nf6 2. Bg5 e6 3. Nd2 d5 4. e3 Be7 5. Ngf3 O-O 6. Bd3 b6 7. O-O Ba6 8. Bxa6
Nxa6 9. Qe2 Nb8 10. Ne5 Nbd7 11. Nc6 Qe8 12. Nxe7+ Qxe7 13. f4 h6 14. Bh4 Qd6 15.
Nf3 Ne4 16. c3 f5 17. h3 c5 18. g4 cxd4 19. cxd4 Rac8 20. Rac1 fxg4 21. hxg4 Ndf6
22. Bxf6 Nxf6 23. Ne5 Ne4 24. Qa6 Rc7 25. a3 Kh7 26. Kg2 Qe7 27. g5 hxg5 28. Rh1+
Kg8 29. Ng6 Rxc1 30. Nxe7+ Kf7 31. Rxc1 Kxe7 32. Qxa7+ Kf6 33. Rf1 g4 34. Rc1 Nd6
35. b3 Nf5 36. Rc3 Rh8 37. Qc7 g3 38. Qe5+ Kg6 39. Qxe6+  1-0